Kendrick Lamar complete the song title - Statistics

General Stats
  • This quiz has been taken 19 times
  • The average score is 27 of 30
Answer Stats
Hint Answer % Correct
Black Panther (soundtrack; 2018) All the {stars}
100%
Good kid, m.A.A.d city (2012) {Backseat} freestyle
100%
DAMN. (2017) DUCK{Worth}
100%
Mr. Morale & the Big Steppers (2022) Father {time}
100%
GNX (2025) {Heart} pt.6
100%
To Pimp a Butterfly (2015) How much a {Dollar} Cost
100%
To Pimp a Butterfly (2015) Mortal {Man}
100%
Good kid, m.A.A.d city (2012) Poetic {Justice}
100%
Mr. Morale & the Big Steppers (2022) Silent {hill}
100%
GNX (2025) Squabble {up}
100%
Good kid, m.A.A.d city (2012) {Swimming} Pools (Drank)
100%
Mr. Morale & the Big Steppers (2022) United in {grief}
100%
To Pimp a Butterfly (2015) {Wesley}'s theory
100%
DAMN. (2017) X{XX}
100%
GNX (2025) {Dodger} blue
94%
Section.80 (2011) Hiii{Power}
94%
GNX (2025) Man at {the} {garden}
94%
Good kid, m.A.A.d city (2012) The art of {Peer} {Pressure}
94%
GNX (2025) Wacced out {murals}
94%
Mr. Morale & the Big Steppers (2022) We {Cry} Together
94%
To Pimp a Butterfly (2015) Hood {Politics}
89%
Black Panther (soundtrack; 2018) King's {Dead}
89%
Mr. Morale & the Big Steppers (2022) Mother I {sober}
89%
Mr. Morale & the Big Steppers (2022) {Auntie} diaries
83%
Good kid, m.A.A.d city (2012) Black {boy} fly
83%
Overly Dedicated (2010) Ignorance is {bliss}
83%
Section.80 (2011) Kush & {Corinthians} (His pain)
72%
Black Panther (soundtrack; 2018) {Pray} for me
72%
Overly Dedicated (2010) Growing {apart} (to get closer)
61%
Section.80 (2011) The {spiteful} chant
44%
No matching quizzes found
Score Distribution
Percent of People with Each Score
Percentile by Number Answered
Your Score History
You have not taken this quiz